000 00632nam a2200217Ia 4500
005 20250508165140.0
008 008 250505s9999 xx 000 0 eng d
020 _a978-1-4411-4707-3
037 _aTextual
040 _aFEDL
_beng
_cFEDL
041 _aeng
_2eng
084 _a378.54, SAH
_qFEDL
100 _aSahoo P K Ed.
245 0 _aQuality in higher education: Issues and practices
260 _aNew Delhi, India
_bUppal publishing House
_c2012
300 _axxv,469p.
365 _aINR
_b1595
700 _a Yadav D Ed. Das B C Ed.
_9779996
942 _cTEXL
_h378.54, SAH
999 _c1393431
_d1393431